La antigua civilización ibérica en el Reino de Valencia / (Registro nro. 21814)

Detalles MARC
000 -LEADER
campo de control de longitud fija 00456nam a2200145 i 4500
001 - NÚMERO DE CONTROL
campo de control 21814
003 - IDENTIFICADOR DE NÚMERO DE CONTROL
campo de control ES-MaACL
007 - CAMPO FIJO DE DESCRIPCIÓN FÍSICA--INFORMACIÓN GENERAL
campo de control de longitud fija t|
008 - DATOS DE LONGITUD FIJA--INFORMACIÓN GENERAL
campo de control de longitud fija 021127s1918 sp ||||1| spa d
100 1# - ENTRADA PRINCIPAL--NOMBRE DE PERSONA
Nombre de persona Almarche Vázquez, P.
9 (RLIN) 20100
245 13 - MENCIÓN DEL TÍTULO
Título La antigua civilización ibérica en el Reino de Valencia /
Mención de responsabilidad, etc. por P. Almarche Vázquez.
260 ## - PUBLICACIÓN, DISTRIBUCIÓN, ETC.
Lugar de publicación, distribución, etc. Valencia :
Nombre del editor, distribuidor, etc. [s.n.,
Fecha de publicación, distribución, etc. 1918] (
Fabricante Tipografía Moderna)
300 ## - DESCRIPCIÓN FÍSICA
Extensión 162 p. ;
Dimensiones 25 cm.
852 ## - LOCALIZACIÓN
Ubicación ES-MaACL
Número de control de estantería B-1613
Sublocalización o colección R.19690
Existencias
Estatus retirado Estado de pérdida Estado de daño No para préstamo Biblioteca de origen Biblioteca actual Ubicación en estantería Fecha de adquisición Fuente de adquisición Total de préstamos Signatura topográfica completa Código de barras Visto por última vez Precio de reemplazo Tipo de ítem Koha
        Biblioteca del Ateneo de Madrid Biblioteca del Ateneo de Madrid Sala Pardo Bazán 17/01/2008     B-1613 1022421 23/02/2023 23/02/2023 Libro impreso